LEADER 01717nam 2200385Ia 450 001 996385668403316 005 20220110201941.0 035 $a(CKB)4940000000076247 035 $a(EEBO)2240969706 035 $a(OCoLC)ocm12280156e 035 $a(OCoLC)12280156 035 $a(EXLCZ)994940000000076247 100 $a19850718d1664 uy | 101 0 $aeng 135 $aurbn#|||a|bb| 200 00$aInnocency and conscientiousness of the Quakers asserted and cleared from the evil surmises, false aspersions, and unrighteous suggestions of Judge Keeling$b[electronic resource] $eexpressed in his speech made the seventh of the seventh month at the sessions-house in the Old-Baily ... : wherein also is shewed that this law doth not concern them, they being no seditious sectaries, nor contrivers of insurrections, nor evil-doers, therefore no just law is against them 210 $aPrinted at London $cPublished by a lover of truth and righteousness, W.S.$d1664 215 $a16, [1] p 300 $aReproduction of original in Duke University Library. 300 $aAttributed to William Smith. cf. BM. 330 $aeebo-0040 606 $aSociety of Friends$zGreat Britain$vEarly works to 1800 606 $aLaw and ethics$vEarly works to 1800 615 0$aSociety of Friends 615 0$aLaw and ethics 700 $aSmith$b William$fd. 1673.$0845826 801 0$bEAA 801 1$bEAA 801 2$bm/c 801 2$bUMI 801 2$bWaOLN 906 $aBOOK 912 $a996385668403316 996 $aInnocency and conscientiousness of the Quakers asserted and cleared from the evil surmises, false aspersions, and unrighteous suggestions of Judge Keeling$92334524 997 $aUNISA LEADER 00871nam0-2200265 --450 001 9910502291003321 005 20230713182115.0 100 $a20211105d1928----kmuy0itay5050 ba 101 0 $aita 102 $aIT 105 $a 001yy 200 1 $a<>visita di Angelo Patri$eseguita da un saggio sui giornali redatti da scolari$e*dal mio archivio didattico. 3 210 $aRoma$cAssociazione per il Mezzogiorno$d1928 215 $a79 p.$cill.$d25 cm 300 $aTerzo supplemento de L'Educazione nazionale, 1928 con 63 illustrazioni 610 0 $aPatri, Angelo 610 0 $aGiornalini di classe 700 1$aLombardo Radice,$bGiuseppe$0114917 801 0$aIT$bUNINA$gREICAT$2UNIMARC 901 $aLG 912 $a9910502291003321 952 $aOPUSC. 036 (34)$bs.i.$fFLFBC 959 $aFLFBC 996 $aVisita di Angelo Patri$91901915 997 $aUNINA